[Event "8th Sharjah Masters B"]
[Site "Sharjah UAE"]
[Date "2025.05.18"]
[Round "2.9"]
[White "Assaad, Joe"]
[Black "Shyaam Nikhil P"]
[Result "0-1"]
[WhiteTitle "CM"]
[BlackTitle "GM"]
[WhiteElo "2187"]
[BlackElo "2430"]
[WhiteFideId "5310504"]
[BlackFideId "5024218"]
[EventDate "2025.05.17"]

1. d4 Nf6 2. Bf4 b6 3. Nc3 Bb7 4. f3 e6 5. e4 d5 6. Nb5 Na6 7. e5 Nd7 8. Nh3 c6
9. Nd6+ Bxd6 10. exd6 O-O 11. Bd3 Re8 12. O-O Nab8 13. c3 Ba6 14. Bxa6 Nxa6 15.
Re1 Nab8 16. a4 c5 17. b4 Nc6 18. Qd2 c4 19. Rad1 Nf8 20. Bg3 Qd7 21. Nf4 Nd8
22. Nh5 f6 23. Qf4 Nf7 24. h4 Rad8 25. Qg4 Ng6 26. Bh2 Nxd6 27. Bxd6 Qxd6 28. f4
f5 29. Qh3 Nxf4 30. Nxf4 Qxf4 31. Re5 Qh6 32. Rde1 Qf6 33. g4 fxg4 34. Qxg4 Rf8
35. Qxe6+ Qxe6 36. Rxe6 Rf3 37. R1e3 Rdf8 38. Kg2 Rf2+ 39. Kg3 Rd2 40. Re7 a5
41. b5 h5 42. R7e5 Rd3 43. Kg2 Rf4 44. Rxd3 cxd3 45. Re3 d2 46. Rd3 Rxh4 47.
Rxd2 Rg4+ 48. Kf3 g5 49. Re2 Rf4+ 50. Kg2 g4 51. Re5 h4 52. Rxd5 Kf7 53. c4 Rf3
54. c5 bxc5 55. dxc5 h3+ 56. Kh2 Rf2+ 57. Kh1 g3 58. Rd1 Ke7 59. c6 Rc2 60. Rg1
Rh2# 0-1

[Event "8th Sharjah Masters B"]
[Site "Sharjah UAE"]
[Date "2025.05.18"]
[Round "2.10"]
[White "Tarigan, Gilbert Elroy"]
[Black "Abdulkarimli, Eljan"]
[Result "1/2-1/2"]
[WhiteTitle "IM"]
[WhiteElo "2415"]
[BlackElo "2173"]
[WhiteFideId "7108133"]
[BlackFideId "13425439"]
[EventDate "2025.05.17"]

1. c4 c6 2. Nf3 d5 3. d4 Nf6 4. Nc3 e6 5. Qd3 Bb4 6. a3 Bxc3+ 7. Qxc3 Ne4 8. Qc2
O-O 9. Bf4 Nd7 10. e3 g5 11. Bg3 f5 12. Bd3 h5 13. h3 Nxg3 14. fxg3 g4 15. hxg4
hxg4 16. Ng1 Qg5 17. Qf2 Nf6 18. Ne2 Nh5 19. Kd2 Bd7 20. Rh4 Kg7 21. Rah1 Rh8
22. Qg1 Rh6 23. a4 Rah8 24. a5 Qe7 25. Kc3 Qg5 26. R4h2 Be8 27. Qf2 Bf7 28. Kc2
Bg6 29. Kd2 Qe7 30. Kc3 Qg5 31. b3 Bf7 32. Bc2 Bg6 33. Bd3 Bf7 34. Nf4 Nxf4 35.
gxf4 Qd8 36. Rxh6 Qxa5+ 37. Kb2 Rxh6 38. Rxh6 Kxh6 39. Qh4+ Kg7 40. Qg5+ Kf8 41.
Qh6+ Kg8 42. Qg5+ Kf8 43. Qh6+ Kg8 44. Qg5+ 1/2-1/2

[Event "8th Sharjah Masters B"]
[Site "Sharjah UAE"]
[Date "2025.05.18"]
[Round "2.11"]
[White "Arshiya Das"]
[Black "Zhang, Di"]
[Result "0-1"]
[WhiteTitle "WFM"]
[WhiteElo "2174"]
[BlackElo "2410"]
[WhiteFideId "25652150"]
[BlackFideId "8616590"]
[EventDate "2025.05.17"]

1. Nf3 c5 2. g3 Nc6 3. Bg2 Nf6 4. O-O h5 5. d3 g6 6. e4 Bg7 7. Re1 d6 8. Nc3 h4
9. Nxh4 Rxh4 10. gxh4 Bg4 11. f3 Be6 12. Ne2 Qd7 13. Be3 O-O-O 14. d4 cxd4 15.
Nxd4 Rh8 16. Qd2 Rxh4 17. Nxc6 bxc6 18. Qf2 Rh5 19. Rad1 Ra5 20. Rd3 Qc7 21. Ra3
Rxa3 22. bxa3 Qa5 23. Bf1 Nd7 24. Qe2 Nc5 25. Bxc5 Qxc5+ 26. Kh1 Kc7 27. c4 Bc3
28. Rb1 Ba5 29. Qb2 Bb6 30. Bd3 g5 31. a4 Bh3 32. Qe2 f6 33. Bc2 Qe5 34. Bd3 Qf4
35. Bc2 g4 36. fxg4 Be3 37. Rg1 Bxg1 38. Kxg1 Bxg4 39. Qf2 Qc1+ 40. Kg2 c5 41.
Bb3 Qh6 42. Qg3 Qd2+ 43. Qf2 Qd3 44. Qc2 Qf3+ 45. Kg1 Bh3 46. Qf2 Qxe4 47. Qd2
Qf3 48. Qf2 Qg4+ 49. Qg3 Qd4+ 50. Kh1 Qa1+ 51. Qg1 Qc3 52. Qg3 Qc1+ 53. Qg1 Qf4
54. Qg2 Bxg2+ 55. Kxg2 e5 56. Bd1 Qd2+ 57. Kg3 Qxd1 58. h4 e4 59. Kf4 Qf3# 0-1

[Event "8th Sharjah Masters B"]
[Site "Sharjah UAE"]
[Date "2025.05.18"]
[Round "2.12"]
[White "Du, Yuxin"]
[Black "Ahmad, Al Khatib"]
[Result "1-0"]
[BlackTitle "GM"]
[WhiteElo "1973"]
[BlackElo "2283"]
[WhiteFideId "8610282"]
[BlackFideId "8103178"]
[EventDate "2025.05.17"]

1. e4 c5 2. Nf3 d6 3. Bb5+ Nd7 4. O-O a6 5. Bd3 Ngf6 6. c3 b5 7. Bc2 Bb7 8. d3
g6 9. Re1 e5 10. d4 Bg7 11. Nbd2 cxd4 12. cxd4 exd4 13. Nxd4 O-O 14. N2b3 Re8
15. Bg5 h6 16. Bh4 Qb6 17. f3 d5 18. exd5 Bxd5 19. Bf2 Qd6 20. Qd2 Ne5 21. Rad1
Nc4 22. Qc1 h5 23. Bg3 Qf8 24. Bf4 h4 25. h3 Kh7 26. Bg5 Bh6 27. Qf4 Bxg5 28.
Qxg5 Qd6 29. Nf5 Qb6+ 30. Kh1 Nh5 31. Ne7 Ng3+ 32. Kh2 Rxe7 33. Rxe7 Qd6 34.
Rxd5 Nf1+ 35. Kg1 Qh2+ 36. Kxf1 Qh1+ 37. Kf2 1-0

[Event "8th Sharjah Masters B"]
[Site "Sharjah UAE"]
[Date "2025.05.19"]
[Round "3.1"]
[White "Prraneeth, Vuppala"]
[Black "Schekachikhin, Maksim"]
[Result "0-1"]
[WhiteTitle "GM"]
[BlackTitle "IM"]
[WhiteElo "2474"]
[BlackElo "2364"]
[WhiteFideId "46622373"]
[BlackFideId "24177830"]
[EventDate "2025.05.17"]

1. e4 e6 2. d4 d5 3. e5 c5 4. c3 Nc6 5. Nf3 Bd7 6. Be2 f6 7. O-O fxe5 8. Nxe5
Nxe5 9. dxe5 Qc7 10. Re1 O-O-O 11. c4 Qxe5 12. Bf3 Qf5 13. Nc3 Nf6 14. Qb3 Bc6
15. Nb5 Kb8 16. a4 Bd6 17. Qa3 dxc4 18. Bxc6 Bxh2+ 19. Kxh2 Ng4+ 20. Kg3 Rd3+
21. Bf3 h5 22. Nd6 Rxd6 23. Bxg4 Rd3+ 24. Bf3 h4+ 25. Kh2 h3 26. Kg1 g5 27. Be4
Qxe4 28. Qc3 Qf3 29. g3 Qxg3+ 0-1

[Event "8th Sharjah Masters B"]
[Site "Sharjah UAE"]
[Date "2025.05.19"]
[Round "3.2"]
[White "Wang, Shixu B"]
[Black "Setyaki, Azarya Jodi"]
[Result "1/2-1/2"]
[WhiteTitle "IM"]
[BlackTitle "IM"]
[WhiteElo "2462"]
[BlackElo "2364"]
[WhiteFideId "8610665"]
[BlackFideId "7101589"]
[EventDate "2025.05.17"]

1. d4 d5 2. c4 c6 3. Nf3 Nf6 4. e3 Bf5 5. Nc3 e6 6. Nh4 Be4 7. f3 Bg6 8. Bd2
dxc4 9. Nxg6 hxg6 10. Bxc4 b5 11. Be2 a6 12. Qc2 Nbd7 13. Ne4 Nxe4 14. Qxe4 c5
15. a4 b4 16. Rc1 Ra7 17. dxc5 Nxc5 18. Qc6+ Rd7 19. Rc4 a5 20. Rxc5 Bxc5 21.
Qxc5 Rxd2 22. Bb5+ Rd7 23. g4 Qb8 24. Qc6 Qa7 25. Ke2 Ke7 26. Qxd7+ Qxd7 27.
Bxd7 Kxd7 28. h4 Kc6 29. Kd3 Rd8+ 30. Kc2 Kc5 31. h5 Rh8 32. Kd3 Rd8+ 33. Kc2
Rh8 34. Kb3 gxh5 35. gxh5 Rd8 36. Kc2 Rd5 37. f4 Kc4 38. b3+ Kc5 39. h6 gxh6 40.
Rxh6 Kd6 41. Rh7 Rc5+ 42. Kd2 Ke7 43. Rh8 Rc3 44. Ra8 Rxb3 45. Rxa5 Ra3 46. Ra7+
Kd6 47. Rxf7 Rxa4 48. Kd3 Ra1 49. Rb7 Rd1+ 50. Kc2 Re1 51. Kd2 Rb1 52. Kc2 Re1 1/2-1/2

[Event "8th Sharjah Masters B"]
[Site "Sharjah UAE"]
[Date "2025.05.19"]
[Round "3.3"]
[White "Bharadia Yash"]
[Black "Levin, Evgeny A."]
[Result "1/2-1/2"]
[WhiteTitle "FM"]
[BlackTitle "GM"]
[WhiteElo "2355"]
[BlackElo "2453"]
[WhiteFideId "45087822"]
[BlackFideId "4182596"]
[EventDate "2025.05.17"]

1. e4 e6 2. d4 d5 3. Nc3 Nf6 4. e5 Nfd7 5. f4 c5 6. Nf3 Nc6 7. Be3 cxd4 8. Nxd4
Qb6 9. Qd2 Qxb2 10. Rb1 Qa3 11. Bb5 Nxd4 12. Bxd4 a6 13. Bxd7+ Bxd7 14. Rb3 Qe7
15. Rxb7 Qh4+ 16. g3 Qd8 17. Bb6 Qc8 18. Rc7 Qd8 19. Qd4 Ba3 20. f5 Rc8 21. Rc6
Qe7 22. Rxc8+ Bxc8 23. O-O Qb4 24. Qe3 Bb2 25. Bd4 exf5 26. e6 Rg8 27. exf7+
Kxf7 28. Qe5 Bxc3 29. Qxd5+ Kg6 30. Qc6+ Kf7 31. Bxc3 Qb5 32. Qc7+ Kg6 33. Bxg7
Qb7 34. Be5 Qxc7 35. Bxc7 Be6 36. Rd1 Rc8 37. Rd6 Kf7 38. Rc6 Ke7 39. Bd6+ Kd7
40. Rxc8 Kxc8 41. a3 Kd7 42. Bb4 Bc4 43. Kf2 Ke6 44. Ke3 h5 45. Kf4 Be2 46. Kg5
Bg4 47. c4 Ke5 48. c5 Kd5 49. Kh4 Bf3 50. h3 Bg2 1/2-1/2

[Event "8th Sharjah Masters B"]
[Site "Sharjah UAE"]
[Date "2025.05.19"]
[Round "3.4"]
[White "Mahdavi, Reza"]
[Black "Ritviz, Parab"]
[Result "1/2-1/2"]
[WhiteTitle "IM"]
[BlackTitle "IM"]
[WhiteElo "2445"]
[BlackElo "2362"]
[WhiteFideId "12595926"]
[BlackFideId "5073367"]
[EventDate "2025.05.17"]

1. e4 g6 2. d4 Bg7 3. Nf3 d6 4. Bd3 Nc6 5. c3 e5 6. O-O Nf6 7. Nbd2 O-O 8. dxe5
Nxe5 9. Nxe5 dxe5 10. Nc4 Nh5 11. Re1 Qf6 12. Be3 Rd8 13. Qc2 Nf4 14. Bf1 Be6
15. Rad1 h5 16. a4 h4 17. Rxd8+ Rxd8 18. Rd1 b6 19. b4 Rxd1 20. Qxd1 Bxc4 21.
Bxc4 Qc6 22. Qd8+ Bf8 23. Bxf4 exf4 24. Qd3 Qxa4 25. h3 Qe8 26. e5 Kh7 27. Qe4
Bg7 28. e6 fxe6 1/2-1/2

[Event "8th Sharjah Masters B"]
[Site "Sharjah UAE"]
[Date "2025.05.19"]
[Round "3.5"]
[White "Mayank, Chakraborty"]
[Black "Yurasov, Matfey"]
[Result "1-0"]
[WhiteTitle "IM"]
[BlackTitle "FM"]
[WhiteElo "2436"]
[BlackElo "2354"]
[WhiteFideId "25659766"]
[BlackFideId "55617603"]
[EventDate "2025.05.17"]

1. e4 c5 2. Nf3 e6 3. c3 Nf6 4. e5 Nd5 5. d4 cxd4 6. cxd4 d6 7. Bc4 dxe5 8. dxe5
Be7 9. O-O O-O 10. Qe2 Bd7 11. Rd1 Bc6 12. Nd4 Qc7 13. Bxd5 Bxd5 14. Nc3 Rd8 15.
Ndb5 Qd7 16. Bf4 a6 17. Nd6 Bxd6 18. Nxd5 exd5 19. exd6 Qf5 20. Qf3 Qf6 21. Rxd5
Nc6 22. Rad1 Rd7 23. Qh3 Qe6 24. Qc3 Re8 25. h3 f6 26. Bg3 Qf7 27. a3 Re6 28. b4
Re2 29. Rc5 Qe6 30. a4 1-0

[Event "8th Sharjah Masters B"]
[Site "Sharjah UAE"]
[Date "2025.05.19"]
[Round "3.6"]
[White "Liu, Yi"]
[Black "Burmakin, Vladimir"]
[Result "0-1"]
[WhiteTitle "FM"]
[BlackTitle "GM"]
[WhiteElo "2261"]
[BlackElo "2435"]
[WhiteFideId "3210588"]
[BlackFideId "4105109"]
[EventDate "2025.05.17"]

1. d4 d5 2. Bf4 Nf6 3. e3 Nbd7 4. Nc3 c6 5. Qf3 Qa5 6. Bd3 e6 7. Ne2 c5 8. Bb5
a6 9. Bxd7+ Bxd7 10. O-O Be7 11. Nc1 Qb6 12. Nd3 cxd4 13. exd4 Qxd4 14. Rad1 O-O
15. Ne5 Qb6 16. Bg5 Bc6 17. Ne2 Qc7 18. Qe3 Bb5 19. Rfe1 Bxe2 20. Rxe2 Rad8 21.
Rd4 Ne4 22. Bxe7 Qxe7 23. f3 Nd6 24. g4 Rfe8 25. b3 f6 26. Nd3 Nb5 27. Rf4 d4
28. Qd2 g5 29. Rfe4 Nc3 30. Re1 Nxe4 31. fxe4 Rf8 32. e5 f5 33. Re2 h6 34. Rg2
fxg4 35. Rxg4 Rf5 36. Qe2 Qc7 37. h4 Rdf8 38. Rxd4 gxh4 39. Kh2 Qg7 40. Rxh4 Rg5
41. Re4 Rg1 42. Re3 Rff1 43. Qxf1 Rxf1 44. Rg3 Rh1+ 0-1

[Event "8th Sharjah Masters B"]
[Site "Sharjah UAE"]
[Date "2025.05.19"]
[Round "3.7"]
[White "Shyaam Nikhil P"]
[Black "Mkrtchyan, Mariam"]
[Result "1/2-1/2"]
[WhiteTitle "GM"]
[BlackTitle "WIM"]
[WhiteElo "2430"]
[BlackElo "2292"]
[WhiteFideId "5024218"]
[BlackFideId "13310828"]
[EventDate "2025.05.17"]

1. Nf3 d5 2. b3 Bf5 3. Bb2 e6 4. g3 h6 5. Bg2 Nf6 6. d3 Be7 7. Nbd2 O-O 8. O-O
c5 9. Ne5 Bh7 10. e4 d4 11. c3 dxc3 12. Bxc3 Nbd7 13. Nef3 Nb8 14. Ne5 Nbd7 15.
Qe2 Nxe5 16. Bxe5 Nd7 17. Bb2 Nb8 18. Nf3 Nc6 19. Rfd1 Qa5 20. d4 cxd4 21. Nxd4
Nxd4 22. Bxd4 Rfd8 23. Be3 Bg6 1/2-1/2

[Event "8th Sharjah Masters B"]
[Site "Sharjah UAE"]
[Date "2025.05.19"]
[Round "3.8"]
[White "Zhang, Di"]
[Black "Davudov, Tunar"]
[Result "1-0"]
[BlackTitle "CM"]
[WhiteElo "2410"]
[BlackElo "2279"]
[WhiteFideId "8616590"]
[BlackFideId "13422316"]
[EventDate "2025.05.17"]

1. Nf3 Nf6 2. g3 b5 3. Bg2 Bb7 4. d3 g6 5. e4 d6 6. a4 a6 7. Nc3 b4 8. Nb1 Bg7
9. a5 O-O 10. Nbd2 d5 11. exd5 Nxd5 12. O-O Nd7 13. Nc4 h6 14. Re1 Rb8 15. h4 e6
16. Bd2 c5 17. Re2 Qc7 18. Qf1 Rbd8 19. Rae1 Rfe8 20. Nh2 b3 21. c3 N7f6 22. Bf3
Ba8 23. Qg2 Qa7 24. Nf1 Re7 25. Bc1 Bb7 26. Nfd2 Qa8 27. Ne4 Nxe4 28. dxe4 Nf6
29. Bf4 Qa7 30. Bd6 Red7 31. e5 Nd5 32. h5 gxh5 33. Be4 Bc6 34. Nb6 1-0

[Event "8th Sharjah Masters B"]
[Site "Sharjah UAE"]
[Date "2025.05.19"]
[Round "3.9"]
[White "Ahmad, Al Khatib"]
[Black "Boshra, Alshaeby"]
[Result "1/2-1/2"]
[WhiteTitle "GM"]
[BlackTitle "WIM"]
[WhiteElo "2283"]
[BlackElo "1971"]
[WhiteFideId "8103178"]
[BlackFideId "8102937"]
[EventDate "2025.05.17"]

1. d4 d5 2. c4 c6 3. Nc3 Nf6 4. Nf3 Bf5 5. Nh4 Bc8 6. Qc2 e6 7. Nf3 Bd6 8. Bg5
Nbd7 9. e3 O-O 10. Rd1 Re8 11. a3 h6 12. Bh4 Qa5 13. Bg3 Bxg3 14. hxg3 a6 15.
cxd5 exd5 16. Bd3 Qd8 17. O-O Qe7 1/2-1/2

[Event "8th Sharjah Masters B"]
[Site "Sharjah UAE"]
[Date "2025.05.19"]
[Round "3.10"]
[White "Aydin, Gulenay"]
[Black "Gong, Sunle"]
[Result "1-0"]
[WhiteTitle "WIM"]
[WhiteElo "2240"]
[BlackElo "2398"]
[WhiteFideId "34557431"]
[BlackFideId "8620229"]
[EventDate "2025.05.17"]

1. e4 c6 2. Nf3 d5 3. d3 g6 4. Qe2 Bg7 5. g3 e5 6. exd5 Ne7 7. dxc6 Nbxc6 8. Bg2
Bg4 9. Nbd2 O-O 10. c3 f5 11. h3 Bh5 12. O-O Qd7 13. Nb3 b6 14. d4 e4 15. Qc4+
Kh8 16. Nh2 Rfc8 17. Qb5 a6 18. Qxb6 Nd5 19. Nc5 Qd6 20. Qb3 Rab8 21. Qc2 g5 22.
Bxg5 h6 23. Be3 Nxe3 24. fxe3 Ne7 25. g4 Bg6 26. Rf2 Rg8 27. Raf1 Nd5 28. Qe2
fxg4 29. hxg4 Qg3 30. Re1 Rbe8 31. Nf1 Qh4 32. c4 Nf6 33. Nh2 Bf8 34. Ref1 Bd6
35. Rf4 Rg7 36. Qf2 Qxh2+ 37. Kxh2 Nxg4+ 38. Kh1 Nxf2+ 39. R4xf2 a5 40. Rf6 Be7
41. Re6 Reg8 42. Nxe4 Bh7 43. Rf2 Bh4 44. Re2 h5 45. Rh6 Rg4 46. Rxh5 Rf8 47. c5
Kg7 48. Re5 Bg6 49. c6 Bd8 50. d5 Be8 51. Rc2 Bb6 52. Nf2 Rh4+ 53. Kg1 Bg6 54.
Rc3 Bf5 55. d6 Rb4 56. Rxf5 Rxf5 57. c7 Rf8 58. d7 Bxc7 59. Rxc7 Kf6 60. Rc8 Rb8
61. Bh3 Ke7 62. b3 Rd8 63. Ne4 Rb6 64. Nc5 Rg6+ 65. Kf2 Rb6 66. Ke2 Rb5 67. Rxd8
Kxd8 68. Ne6+ Kxd7 69. Nd4+ Kd6 70. Nxb5+ Kc5 71. Nd4 Kd6 1-0

[Event "8th Sharjah Masters B"]
[Site "Sharjah UAE"]
[Date "2025.05.19"]
[Round "3.11"]
[White "Liyanage, Ranindu Dilshan"]
[Black "Sharipov, Davron"]
[Result "1/2-1/2"]
[WhiteTitle "IM"]
[BlackTitle "FM"]
[WhiteElo "2387"]
[BlackElo "2269"]
[WhiteFideId "9915834"]
[BlackFideId "14212358"]
[EventDate "2025.05.17"]

1. e4 c5 2. Nf3 d6 3. d4 cxd4 4. Nxd4 Nf6 5. Nc3 a6 6. Bg5 Nbd7 7. Be3 e6 8. g4
h6 9. a4 b6 10. Bg2 Ne5 11. h3 g5 12. Nf3 Qc7 13. Nxe5 dxe5 14. h4 Rg8 15. hxg5
hxg5 16. Qf3 Be7 17. Rh6 Nd7 18. O-O-O Nf8 19. Bf1 Ng6 20. Qh1 Bb7 21. f3 Rc8
22. Qg1 Ba3 23. Rd3 Bc5 24. Bxc5 bxc5 25. Nb1 Ke7 26. Nd2 Nf4 27. Rc3 Rgd8 28.
Rh2 Qd6 29. Bc4 Qc6 30. a5 Rd4 31. Nb3 Qa4 32. Qf1 Rcd8 33. Rh1 R4d6 34. Kb1 Qb4
35. Be2 Rc8 36. Bc4 Rb8 37. Be2 Rc8 38. Bc4 Rcd8 39. Qg1 Rc6 40. Qf2 Bc8 41. Rc1 1/2-1/2

[Event "8th Sharjah Masters B"]
[Site "Sharjah UAE"]
[Date "2025.05.19"]
[Round "3.12"]
[White "AbuAzizah, Raji"]
[Black "Meng, Yihan"]
[Result "0-1"]
[WhiteTitle "FM"]
[WhiteElo "2182"]
[BlackElo "2443"]
[WhiteFideId "11503327"]
[BlackFideId "8631891"]
[EventDate "2025.05.17"]

1. e4 e5 2. Nf3 Nf6 3. Nxe5 d6 4. Nf3 Nxe4 5. Nc3 Nxc3 6. dxc3 Be7 7. Be3 O-O 8.
Qd2 Nd7 9. O-O-O Nf6 10. Bd3 Re8 11. Rhe1 Bg4 12. Bg5 Nd7 13. h4 Nc5 14. Bc4 Ne6
15. Bxe6 fxe6 16. Qf4 Bxg5 17. hxg5 Bxf3 18. gxf3 Rf8 19. Qg4 Rf5 20. f4 Qd7 21.
Rh1 g6 22. Rh6 Raf8 23. Rdh1 R8f7 24. Qh3 Rg7 25. Qe3 b6 26. c4 a5 27. b3 Qe7
28. Qd4 Qf8 29. R1h4 d5 30. Qe3 Qd6 31. Qh3 Qe7 32. Qc3 Qc5 33. Qe1 Qd6 34. Qh1
Rxf4 35. Rxh7 Rxh7 36. Rxh7 Qe5 37. Rh4 Rxf2 38. Kb1 Re2 0-1

[Event "8th Sharjah Masters B"]
[Site "Sharjah UAE"]
[Date "2025.05.20"]
[Round "4.1"]
[White "Schekachikhin, Maksim"]
[Black "Mayank, Chakraborty"]
[Result "1/2-1/2"]
[WhiteTitle "IM"]
[BlackTitle "IM"]
[WhiteElo "2364"]
[BlackElo "2436"]
[WhiteFideId "24177830"]
[BlackFideId "25659766"]
[EventDate "2025.05.17"]

1. c4 Nf6 2. Nc3 e5 3. Nf3 Nc6 4. e3 Bb4 5. Nd5 e4 6. Ng1 Bd6 7. Ne2 O-O 8. Nec3
Re8 9. d3 exd3 10. Bxd3 Ne5 11. Be2 Nxd5 12. cxd5 Bc5 13. O-O a6 14. a3 d6 15.
b4 Ba7 16. Bb2 Qh4 17. Kh1 Ng4 18. Bxg4 Bxg4 19. Ne2 Qg5 20. Rc1 Re7 21. Re1 Bh5
22. Qd2 Rae8 23. Nf4 Bg6 24. Bd4 Bxd4 25. Qxd4 Be4 26. f3 Bg6 27. Kg1 Qe5 28.
Qxe5 dxe5 29. Nxg6 hxg6 30. e4 Rd7 31. Rc5 Kf8 32. Rec1 Rc8 33. Kf2 Ke7 34. Ke3
g5 35. a4 Kd6 36. a5 f6 37. h3 c6 38. b5 axb5 39. Rxb5 Ra8 40. dxc6 bxc6 41. Rb6
Raa7 42. a6 Rxa6 1/2-1/2

[Event "8th Sharjah Masters B"]
[Site "Sharjah UAE"]
[Date "2025.05.20"]
[Round "4.2"]
[White "Burmakin, Vladimir"]
[Black "Zhang, Di"]
[Result "1/2-1/2"]
[WhiteTitle "GM"]
[WhiteElo "2435"]
[BlackElo "2410"]
[WhiteFideId "4105109"]
[BlackFideId "8616590"]
[EventDate "2025.05.17"]

1. d4 Nf6 2. Nf3 d5 3. c4 e6 4. Nc3 Bb4 5. Qa4+ Nc6 6. e3 O-O 7. Be2 Bd7 8. Qc2
dxc4 9. Bxc4 Na5 10. Be2 c5 11. O-O cxd4 12. exd4 Rc8 13. Bd2 Nc4 14. Qb3 Nxd2
15. Nxd2 Bxc3 16. bxc3 Bc6 17. Bf3 Qc7 18. Rfc1 Rfd8 19. a4 e5 20. Qb2 h6 1/2-1/2

[Event "8th Sharjah Masters B"]
[Site "Sharjah UAE"]
[Date "2025.05.20"]
[Round "4.3"]
[White "Levin, Evgeny A."]
[Black "Aydin, Gulenay"]
[Result "1-0"]
[WhiteTitle "GM"]
[BlackTitle "WIM"]
[WhiteElo "2453"]
[BlackElo "2240"]
[WhiteFideId "4182596"]
[BlackFideId "34557431"]
[EventDate "2025.05.17"]

1. d4 d6 2. Nf3 Nf6 3. c4 g6 4. Nc3 Bg7 5. e4 O-O 6. Be2 e5 7. O-O exd4 8. Nxd4
Re8 9. f3 c6 10. Kh1 d5 11. cxd5 cxd5 12. Bg5 Nc6 13. Bb5 h6 14. Nxc6 bxc6 15.
Bxc6 hxg5 16. Bxa8 d4 17. Ne2 d3 18. Ng3 Ba6 19. Bc6 Re6 20. Qa4 Qb6 21. Bd5
Nxd5 22. exd5 Re5 23. Rfe1 Rxd5 24. Qe8+ Bf8 25. Re7 Qf6 26. Qa8 Re5 27. Rxe5
Qxe5 28. Qxa7 Qxb2 29. Rg1 Bb7 30. Qe3 Qc2 31. Ne4 Bxe4 32. Qxe4 f5 33. Qd5+ Kh7
34. Qd7+ Kg8 35. a4 Bc5 36. Qe8+ Kg7 37. Rf1 Bf2 38. Qe7+ Kg8 39. a5 d2 40. Qe2
Be1 41. Rxe1 dxe1=Q+ 42. Qxe1 Qa2 43. h3 Qa3 44. Qe5 Kf7 45. Kh2 Qa4 46. Qc7+
Kg8 47. Qc8+ Kg7 48. a6 Qf4+ 49. Kh1 Qd6 50. Qb7+ Kh6 51. Qb2 Qd1+ 52. Kh2 Qd6+
53. g3 Kh7 54. Qa2 Qb8 55. a7 Qa8 56. Qa5 Kh6 57. Kg1 Kh5 58. Qc7 Qh8 59. Qc5
Qa1+ 60. Kg2 Qa2+ 61. Qf2 Qa3 62. g4+ Kh6 63. gxf5 gxf5 64. h4 f4 65. Kh3 Kh5
66. Qg2 gxh4 67. Qg4+ Kh6 68. Qe6+ Kg5 69. Qd5+ Kh6 70. a8=Q 1-0

[Event "8th Sharjah Masters B"]
[Site "Sharjah UAE"]
[Date "2025.05.20"]
[Round "4.4"]
[White "Garifullina, Leya"]
[Black "Zia, Tahsin Tajwar"]
[Result "1/2-1/2"]
[WhiteTitle "IM"]
[BlackTitle "FM"]
[WhiteElo "2467"]
[BlackElo "2374"]
[WhiteFideId "34127035"]
[BlackFideId "10211888"]
[EventDate "2025.05.17"]

1. e4 c6 2. d4 d5 3. e5 c5 4. dxc5 e6 5. c3 Nc6 6. Nf3 Bxc5 7. b4 Bb6 8. b5 Na5
9. Ba3 Bd7 10. Nbd2 Rc8 11. Bb4 Nh6 12. Bd3 Bc5 13. O-O Nf5 14. a4 O-O 15. Qe2
b6 16. Rfd1 Nh4 17. Bxa5 bxa5 18. c4 Ng6 19. g3 Qb6 20. Nb3 dxc4 21. Bxc4 Rfd8
22. Nbd2 Be8 23. Ne4 Bd4 24. Nxd4 Rxd4 25. Nd6 Rd8 26. Bb3 Nxe5 27. Nxe8 Rd2 28.
Rxd2 Rxd2 29. Qe3 Qxe3 30. fxe3 Nf3+ 31. Kf1 Nxh2+ 32. Ke1 Nf3+ 33. Kf1 Nh2+ 34.
Ke1 Nf3+ 35. Kf1 1/2-1/2

[Event "8th Sharjah Masters B"]
[Site "Sharjah UAE"]
[Date "2025.05.20"]
[Round "4.5"]
[White "Ritviz, Parab"]
[Black "Wang, Shixu B"]
[Result "0-1"]
[WhiteTitle "IM"]
[BlackTitle "IM"]
[WhiteElo "2362"]
[BlackElo "2462"]
[WhiteFideId "5073367"]
[BlackFideId "8610665"]
[EventDate "2025.05.17"]

1. e4 c5 2. Nf3 d6 3. d4 cxd4 4. Nxd4 Nf6 5. Nc3 a6 6. Qd3 e6 7. Be2 b5 8. O-O
b4 9. Na4 Bb7 10. f3 Nbd7 11. c4 bxc3 12. Qxc3 Rc8 13. Qb3 Rb8 14. Qc3 Rc8 15.
Qb3 Qc7 16. Be3 Nc5 17. Qd1 Qb8 18. Nb6 Rc7 19. b4 Ncd7 20. Qa4 Be7 21. Nxd7
Nxd7 22. Bxa6 O-O 23. Bb5 Ne5 24. Rac1 d5 25. Rxc7 Qxc7 26. Rc1 Qb8 27. exd5
Bxd5 28. a3 Bd6 29. Bf1 Ng6 30. h3 Qd8 31. Qa6 Bf4 32. Qd3 Qg5 33. Rc3 Qg3 34.
Ne2 Qh2+ 35. Kf2 Bb8 36. Qc2 Bb7 37. Ke1 Nh4 38. Bg1 Qh1 39. Kf2 Nf5 40. Rc5 h5
41. Ke1 Rd8 42. Bf2 h4 43. b5 Qh2 44. a4 Bd6 45. a5 Bxc5 46. Qxc5 Rd5 47. Qc3
Qd6 48. Bb6 Rxb5 49. Qc2 Qe5 50. Kf2 Rb2 51. Qc4 Qg3+ 52. Kg1 Qe1 53. Bd4 Rb1 0-1

[Event "8th Sharjah Masters B"]
[Site "Sharjah UAE"]
[Date "2025.05.20"]
[Round "4.6"]
[White "Setyaki, Azarya Jodi"]
[Black "Mahdavi, Reza"]
[Result "0-1"]
[WhiteTitle "IM"]
[BlackTitle "IM"]
[WhiteElo "2364"]
[BlackElo "2445"]
[WhiteFideId "7101589"]
[BlackFideId "12595926"]
[EventDate "2025.05.17"]

1. e4 c6 2. d4 d5 3. e5 Bf5 4. Nf3 e6 5. Be2 Nd7 6. O-O Ne7 7. c3 h6 8. Na3 g5
9. Nc2 c5 10. dxc5 Bg7 11. Ne3 Nxc5 12. Bb5+ Kf8 13. Nxf5 Nxf5 14. Nd4 Bxe5 15.
Nxf5 exf5 16. f4 Bc7 17. Bd3 Ne4 18. g3 Bb6+ 19. Kg2 g4 20. Bxe4 dxe4 21. Qe2 e3
22. Bxe3 Qd5+ 23. Kf2 Re8 24. Rad1 Qc6 25. Rd3 Kg7 26. Re1 Rxe3 27. Rxe3 Re8 28.
Qd1 Rxe3 29. Rxe3 Qe4 30. Qe2 h5 0-1

[Event "8th Sharjah Masters B"]
[Site "Sharjah UAE"]
[Date "2025.05.20"]
[Round "4.7"]
[White "Meng, Yihan"]
[Black "Bharadia Yash"]
[Result "1-0"]
[BlackTitle "FM"]
[WhiteElo "2443"]
[BlackElo "2355"]
[WhiteFideId "8631891"]
[BlackFideId "45087822"]
[EventDate "2025.05.17"]

1. e4 e5 2. Nf3 Nc6 3. Bc4 Nf6 4. d3 h6 5. O-O d6 6. a4 g6 7. a5 a6 8. Nc3 Bg7
9. Be3 O-O 10. Re1 Qe8 11. Bb3 Be6 12. Nd5 Bxd5 13. exd5 Ne7 14. c4 Nh7 15. Ba4
Qc8 16. Qb3 c5 17. dxc6 bxc6 18. Bb6 c5 19. d4 cxd4 20. c5 dxc5 21. Nxe5 Bxe5
22. Rxe5 c4 23. Qc2 Nf5 24. Rae1 Ng5 25. Rc5 Qb8 26. Qxc4 Qf4 27. Bc7 Qd2 28.
Re2 Nf3+ 29. gxf3 Qg5+ 30. Bg3 Rad8 31. Qd3 Nxg3 32. Rxg5 Nxe2+ 33. Qxe2 d3 34.
Rxg6+ fxg6 35. Bb3+ Kg7 36. Qe7+ Kh8 37. Bf7 1-0